000
00274nam a2200121Ia 4500
005
20251222143152.0
008
251222s9999||||xx |||||||||||||| ||spa||
082
_a
530/L55/T.II
100
_a
Leyva Naveros, Humberto
245
0
_a
FĂsica
264
_b
Moshera
942
_c
LIB
999
_c
12708
_d
12708